20 Biggest Cities in Wisconsin - Statistics

General Stats
  • This quiz has been taken 42 times
  • The average score is 12 of 20
Answer Stats
Hint Answer % Correct
556,111 Milwaukee
100%
105,235 Green Bay
91%
282,005 Madison
91%
65,987 Oshkosh
77%
74,390 Appleton
71%
70,886 Eau Claire
71%
97,645 Kenosha
71%
44,163 Fond du Lac
69%
76,238 Racine
69%
70,200 Waukesha
66%
66,246 Janesville
60%
50,878 La Crosse
57%
39,948 Wausau
51%
49,609 Sheboygan
49%
46,607 Wauwatosa
43%
58,413 West Allis
43%
40,069 Menomonee Falls
37%
40,186 New Berlin
34%
42,017 Brookfield
26%
38,495 Sun Prairie
20%
No matching quizzes found
Score Distribution
Percent of People with Each Score
Percentile by Number Answered
Your Score History
You have not taken this quiz